000
00274nam a2200097Ia 4500
001
1072181
005
20250827002138.0
008
250824s9999 xx 000 0 und d
245
0
_a
MEPHİSTOPHELES MODERN DÜNYADA ŞEYTAN
_c
JEFFREY BURTON RUSSELL
260
_b
PANAMA YAYINLARI
999
_c
1072181
_d
1072181